[Event "FIDE Zonal 2.5"]
[Site "Villa Martelli-Vicente Lopez"]
[Date "2017.05.08"]
[Round "9"]
[White "Peralta, Fernando"]
[Black "Bitelmajer, Martin"]
[Result "1-0"]
[WhiteElo "2565"]
[BlackElo "2440"]
[Annotator "TA"]
[PlyCount "91"]
[EventDate "2017.??.??"]
[EventType "swiss"]
[EventCountry "ARG"]
[SourceTitle "playchess.com"]
[Source "ChessBase"]
[SourceQuality "1"]

{[%evp 18,91,48,44,49,45,53,50,44,50,67,48,92,54,85,21,77,25,43,18,73,58,82,82,86,64,94,93,104,103,107,98,113,103,182,177,212,207,201,208,193,197,207,224,216,239,246,233,227,218,305,283,301,300,285,290,314,237,234,247,450,452,433,471,458,445,443,432,970,992,902,724,1052,573,6153,6091]} 1. d4 Nf6 2. c4 e6 3. Nc3 c5 4. d5 exd5 5. cxd5 d6 6. e4 g6 7. Nge2 Bg7 8. Ng3 O-O 9. Be2 a6 10. a4 Re8 {A65: Modern Benoni: 6 e4} 11. O-O Nbd7 12. h3 h5 {White is slightly better.} 13. Bg5 Qa5 14. Re1 $1 Rb8 15. Qc2 {[#]} Qc7 $146 ({Predecessor:} 15... Nh7 16. Bf4 Qc7 17. Nf1 Bd4 18. Be3 Qd8 19. Rad1 {1-0 (33) Grachev,B (2667)-Kovacevic,A (2574) Rijeka 2010}) 16. b3 (16. Nf1 $16) 16... Nf8 (16... Nh7 $11 {remains equal.} 17. Be3 Qd8) 17. Bc4 (17. Be3 $16) 17... N8h7 18. Bd2 {[%cal Bg5d2,Bd2f4,Bf4h2][%mdl 32]} h4 (18... Nd7 $11) 19. Nf1 $16 {[%cal Bg3f1,Bf1d2,Bd2c4][%mdl 32]} Nh5 20. Be2 $36 {[%mdl 2048] White has strong initiative.} N5f6 21. Bf4 Bd7 22. a5 g5 {[#]} 23. Bh2 $1 Nf8 24. Nd2 {Black must now prevent Nc4.} Ng6 25. Nc4 Bf8 (25... Nf4 $16 {might work better.}) 26. Bf3 $18 Bb5 {[#]} 27. e5 $1 {[%mdl 512]} dxe5 28. Qf5 Bxc4 29. bxc4 Bg7 30. Qxg5 b5 31. axb6 Rxb6 32. Rad1 Nh7 33. Qf5 Rf6 34. Qd3 Ng5 35. Bg4 Qd6 36. Bf5 Re7 37. Ne4 Nxe4 38. Qxe4 Qd8 $2 (38... Rb7 39. Bxg6 (39. Bxe5 Nxe5 40. Qxe5 Qxe5 $18) 39... Rxg6 40. Bxe5 Bxe5) 39. Bxg6 {White is clearly winning.} Rxg6 40. f4 {[%cal Bf2f4,Bf4e5][%mdl 32]} Rb7 41. fxe5 Rb2 42. Re2 Qb6 (42... Rxe2 $142 43. Qxe2 Qe7) 43. Rxb2 Qxb2 44. d6 {d7 is the strong threat.} Qb3 45. Qd3 Qb7 {[%csl Gg6][%cal Rb7g2] [#]} 46. Qxg6 $1 {[%mdl 512] Precision: White = 74%, Black = 39%.} 1-0

[Event "FIDE Zonal 2.5"]
[Site "Villa Martelli-Vicente Lopez"]
[Date "2017.05.08"]
[Round "9"]
[White "Krysa, Leandro"]
[Black "Salinas Herrera, Pablo"]
[Result "1-0"]
[WhiteElo "2517"]
[BlackElo "2453"]
[Annotator "TA"]
[PlyCount "83"]
[EventDate "2017.??.??"]
[EventType "swiss"]
[EventCountry "ARG"]
[SourceTitle "playchess.com"]
[Source "ChessBase"]
[SourceQuality "1"]

{[%evp 19,83,12,34,23,18,0,19,12,22,4,17,-3,-11,-7,0,0,0,0,7,12,5,4,4,14,27,10,83,79,79,49,74,29,135,137,144,115,220,197,218,192,262,258,260,270,256,265,256,133,133,133,135,135,137,137,180,180,626,626,621,594,1311,1238,832,847,1597,1577]} 1. d4 Nf6 2. c4 g6 3. Nf3 Bg7 4. g3 O-O 5. Bg2 d6 6. O-O Nc6 7. Nc3 e5 8. dxe5 dxe5 9. Bg5 Be6 10. Qa4 Qb8 {LiveBook: 9 Games. E62: King's Indian: Fianchetto: 6...c6 and Panno Variation (6...Nc6) without ...a6} 11. Bxf6 $146 ({Predecessor:} 11. Rfd1 Nd7 12. Be3 Nb6 13. Bxb6 axb6 14. Qb5 h6 15. e3 Ra5 16. Qb3 Rc5 17. Nd2 Na5 18. Qc2 Nxc4 {1-0 (36) Bu,X (2705)-Onischuk,V (2601) Doha 2016}) 11... Bxf6 12. Nd2 {[%cal Bf3d2,Bd2b3,Bb3c5][%mdl 32]} Bg7 {The position is equal.} 13. Nb3 Nd4 14. Nc5 {Hoping for e3.} Bc8 $1 15. Rac1 c6 16. b4 Bg4 17. e3 Nf3+ 18. Kh1 Nd2 19. h3 Nxf1 20. hxg4 Nd2 {And now ...Qc8 would win.} 21. Nd7 Qc8 22. Nxf8 Nxc4 (22... Qxf8 $6 23. b5 $16) (22... Bxf8 $11 23. c5 Qxg4) 23. b5 {[#] aiming for Nxg6.} (23. Ne4 $6 Qxf8 24. b5 (24. Rxc4 b5 $17) 24... Nb6 $14) 23... Nb6 24. bxc6 (24. Nxg6 $5 hxg6 25. Qd1 $16 (25. bxc6 Nxa4 26. cxb7 Rb8 $14)) 24... bxc6 25. Qxc6 (25. Nxg6 $5 hxg6 26. Qd1 $16 (26. Qxc6 Qxg4 27. Nd5 Rd8 $16)) 25... Qxf8 (25... Qxc6 $11 {keeps the balance.} 26. Bxc6 Rxf8) 26. Nd5 $36 {[%mdl 2048] Black is under strong pressure.} Nxd5 27. Bxd5 Rd8 {[#]} (27... Re8 $16 {keeps fighting.} 28. g5 Qe7) 28. Qb7 $1 $18 Kh8 29. Bxf7 e4 (29... Qd6 $142 30. Rc7 (30. Qxa7 Qf6 $18) 30... Qb6 31. Qxa7 Qxa7 32. Rxa7 Bf8) 30. Rc7 Be5 31. Rd7 Rxd7 32. Qxd7 Qd6 33. Qxd6 ({Not} 33. Qxa7 Qd1+ 34. Kg2 Qf3+ 35. Kg1 Qd1+ 36. Kg2 (36. Kh2 Qf1 $11) 36... Qf3+ 37. Kg1 Qd1+ 38. Kg2 $11 (38. Kh2 Qf1 $11)) (33. Qe8+ $18 Kg7 34. Bb3) 33... Bxd6 {[%mdl 4096] Endgame KB-KB} 34. Bd5 Kg7 35. Bxe4 Kf6 36. Kg2 Ba3 37. f4 {[%cal Bf2f4,Bf4f5][%mdl 32]} h6 $2 (37... Ke7 38. Kf3 Kf8) 38. Kf3 {White is clearly winning.} Bb4 39. Bd5 Be1 40. e4 {[%cal Be3e4,Be4e5][%mdl 32]} Ke7 41. e5 a5 42. f5 {Precision: White = 65%, Black = 37%.} 1-0

[Event "FIDE Zonal 2.5"]
[Site "Villa Martelli-Vicente Lopez"]
[Date "2017.05.08"]
[Round "9"]
[White "Real De Azua, Ernesto"]
[Black "Valerga, Diego"]
[Result "1/2-1/2"]
[WhiteElo "2478"]
[BlackElo "2452"]
[Annotator "TA"]
[PlyCount "53"]
[EventDate "2017.??.??"]
[EventType "swiss"]
[EventCountry "ARG"]
[SourceTitle "playchess.com"]
[Source "ChessBase"]
[SourceQuality "1"]

{[%evp 30,53,2,0,6,0,0,0,41,24,22,17,20,0,28,26,29,29,33,45,47,29,34,33,44,35]} 1. d4 Nf6 2. c4 e6 3. Nf3 d5 4. Nc3 c5 5. cxd5 Nxd5 6. e4 Nxc3 7. bxc3 cxd4 8. cxd4 Bb4+ 9. Bd2 Bxd2+ 10. Qxd2 O-O 11. Bc4 Nd7 12. O-O b6 13. Rfe1 Bb7 14. Rad1 Rc8 {D41: Queen's Gambit Declined: Semi-Tarrasch with 5 cxd5} 15. Bb3 Qf6 16. h3 {LiveBook: 10 Games} (16. d5 $5 {[%cal Re4e5]} Nc5 17. Bc4 $11) 16... Rfd8 {The position is equal.} 17. Qe3 h6 18. d5 e5 {[#]} (18... Nc5 {is interesting.} 19. e5 Qg6 20. d6 Nd7 21. Rd4 Rc5) 19. Rc1 $146 ({Predecessor:} 19. Ba4 Nc5 20. Bb5 {½-½ (33) Ponomariov,R (2714)-Wang,Y (2720) Beijing 2014}) 19... Rxc1 20. Rxc1 Nc5 21. Bc4 Bc8 22. Bb5 Bd7 23. Bxd7 Rxd7 24. Nd2 Qg5 25. Qxg5 hxg5 26. f3 Rc7 27. Kf1 1/2-1/2

[Event "FIDE Zonal 2.5"]
[Site "Villa Martelli-Vicente Lopez"]
[Date "2017.05.08"]
[Round "9"]
[White "Sosa, Tomas"]
[Black "Vasquez Schroeder, Rodrigo"]
[Result "1/2-1/2"]
[WhiteElo "2467"]
[BlackElo "2554"]
[Annotator "TA"]
[PlyCount "103"]
[EventDate "2017.??.??"]
[EventType "swiss"]
[EventCountry "ARG"]
[SourceTitle "playchess.com"]
[Source "ChessBase"]
[SourceQuality "1"]

{[%evp 9,103,31,39,13,18,20,21,15,25,10,17,10,24,16,31,23,36,16,12,14,20,7,16,22,17,11,22,2,27,16,16,14,45,49,50,46,93,59,59,59,65,43,67,71,84,91,89,91,130,115,120,102,121,84,367,375,367,368,377,377,371,366,374,356,365,374,370,362,348,347,333,0,318,0,307,271,256,179,162,186,197,83,89,54,54,54,54,54,54,54,54,54,54,54,54,0]} 1. e4 c5 2. Nf3 d6 3. Bb5+ Nd7 4. O-O Ngf6 5. Re1 a6 6. Bd3 {B51: Sicilian: Moscow Variation (3 Bb5+) without 3...Bd7} b5 (6... e6 7. c3 b5 8. Bc2 c4 9. a4 Bb7 10. d4 cxd3 11. Bxd3 bxa4 12. Qxa4 Be7 13. h3 O-O 14. Be3 Qc7 15. Nbd2 Rfb8 16. Qa5 Bd8 17. Qxc7 Bxc7 18. b4 {½-½ (18) Nakamura,H (2785)-Vachier Lagrave,M (2796) Sharjah 2017}) 7. c3 {[%cal Bc2c3,Bc3d4][%mdl 32]} Bb7 8. Bc2 {The position is equal.} e6 9. d4 Be7 10. Nbd2 cxd4 11. cxd4 Rc8 12. a4 $146 ({Predecessor:} 12. Nf1 O-O {½-½ (26) Hernandez Guerrero,G (2531)-Mareco,S (2585) Durban 2014}) 12... O-O 13. axb5 axb5 14. Bd3 b4 15. Qb3 Qb6 16. Nf1 Ra8 17. Rxa8 Rxa8 18. Ng3 Ba6 19. Bb1 Rc8 20. Bd2 d5 21. e5 $1 {[%cal Re5f6]} Ne8 22. Qe3 Qd8 23. Qf4 Nf8 24. Qg4 b3 25. Nh5 Ng6 26. h4 Qb6 27. Nxg7 Nxg7 28. h5 Bb4 29. hxg6 fxg6 30. Bxb4 Qxb4 31. Kh2 Rc2 $2 {[%mdl 8192]} (31... Qf8 $16) 32. Bxc2 $18 bxc2 33. Qg5 Bb5 34. Ra1 Qxb2 35. Ra8+ Ne8 36. Rc8 Bd7 37. Rc5 Ba4 38. Qf4 Qb7 39. Ne1 Qb1 40. Nf3 (40. Nxc2 Bxc2 41. Rc6 (41. Rc8 Ba4 $11) 41... Bf5 $14) 40... Qb7 41. Ne1 Qb1 42. Qd2 ({Weaker is} 42. Nxc2 Bxc2 43. Rc6 (43. Rc8 Ba4 $11) 43... Bf5 $14) 42... Qd1 43. Qc3 {[%cal Re1c2]} Qh5+ 44. Qh3 Qd1 {[#]} 45. Nxc2 $1 {[%mdl 512]} Bxc2 $16 46. Rc8 Bf5 $1 {[%cal Rf5h3] White is slightly better.} 47. Qh4 ({Avoid the trap} 47. Rxe8+ $2 Kf7 $19) 47... g5 $1 {[%cal Rg5h4]} 48. Qxg5+ Kf7 49. Rb8 {[%mdl 1024] [#] White wants to mate with Rb7+. White has compensation.} Bg6 50. Rb7+ Kg8 51. Re7 {Intending Rxe8+ and mate.} Ng7 $1 52. Qf6 {Precision: White = 70%, Black = 58%.} (52. Ra7 $14 Qh5+ 53. Qxh5 Nxh5 54. g3) 1/2-1/2

[Event "FIDE Zonal 2.5"]
[Site "Villa Martelli-Vicente Lopez"]
[Date "2017.05.08"]
[Round "9"]
[White "De Dovitiis, Alejo"]
[Black "Morovic Fernandez, Ivan"]
[Result "0-1"]
[WhiteElo "2331"]
[BlackElo "2527"]
[Annotator "TA"]
[PlyCount "65"]
[EventDate "2017.??.??"]
[EventType "swiss"]
[EventCountry "ARG"]
[SourceTitle "playchess.com"]
[Source "ChessBase"]
[SourceQuality "1"]

{[%evp 17,65,69,95,68,66,66,66,66,57,54,60,53,57,28,25,28,38,27,39,0,0,-33,-17,-35,-35,-45,-39,-233,-236,-368,-359,-478,-469,-613,-285,-244,-122,-111,-109,-137,-114,-107,-85,-98,-49,-278,-262,-625,-614,-2007]} 1. d4 Nf6 2. c4 d6 3. Nf3 g6 4. Nc3 Bg7 5. e4 O-O 6. Be2 c6 7. O-O e5 8. d5 c5 9. Ne1 Nbd7 {LiveBook: 13 Games. E94: King's Indian: Classical: 6 Be2 e5 7 0-0: Various Black 7th moves} 10. a3 Ne8 11. b4 (11. Nd3 f5 12. f3 f4 13. b4 b6 14. Bd2 h5 15. Rb1 g5 16. bxc5 dxc5 {0-1 (38) Wagner,D (2575)-Movsesian,S (2658) Berlin 2015}) 11... b6 $146 {White is slightly better.} ({Predecessor:} 11... f5 12. g3 f4 13. gxf4 exf4 14. Bb2 Ne5 15. Nf3 Bh3 16. Re1 Qc8 17. Nxe5 Bxe5 {0-1 (29) Constantino,P-Correia,M (2065) Portugal 1997}) 12. Rb1 f5 13. Nd3 Ndf6 14. f3 f4 15. bxc5 bxc5 16. Bd2 g5 17. Nf2 h5 {[%cal Bh7h5,Bh5g4,Bg4g3][%mdl 32]} 18. h3 Rf7 19. Qa4 Bh6 (19... g4 $5) 20. Rb2 g4 21. hxg4 hxg4 22. Rfb1 $2 (22. Nxg4 $15 Nxg4 23. fxg4) 22... Bd7 $19 23. Qa6 {[#]} (23. Qd1 {was necessary.} g3 24. Nh3) 23... g3 $1 24. Nh3 Nh7 25. Nd1 Ng5 (25... Qh4 $142 26. Ndf2 Ng5) 26. Nxg5 Bxg5 ({Black should try} 26... Qxg5 $19 27. Kf1 Qh5) 27. Ba5 $17 Qf6 28. Kf1 ({But not} 28. Qb7 $2 Qh6 $19) 28... Qh6 {[%cal Rh6h1]} 29. Ke1 Qh1+ 30. Bf1 {[#]} Qg1 $1 {And now ...Rh7 would win.} 31. Qb7 $2 ({White should play} 31. Ke2 $15) 31... Rc8 $19 32. Qxa7 $2 (32. Qb3) 32... Rh7 ({Not} 32... Bb5 33. Qxf7+ Kxf7 34. Rxb5 $17) 33. Rb7 {Precision: White = 20%, Black = 61%.} 0-1